| 000 | 00000nam##2200000za#4500 |
| 001 | 9.618296 |
| 003 | CaOODSP |
| 005 | 20210615102732 |
| 007 | ta |
| 008 | 150406|2007||||xxc||||| f|0| 0 eng|d |
| 022 | |a0706-6457 |
| 040 | |aCaOODSP|beng |
| 043 | |an-cn--- |
| 086 | 1 |aFs97-6/2693E |
| 110 | 1 |aCanada. |bDepartment of Fisheries and Oceans. |
| 245 | 10|aAtlantic salmon (Salmo salar) smolt migration from the Margaree River, 2001 to 2003 / |cby M. Clément, G. Chaput and P. Leblanc. |
| 260 | |aMoncton - New Brunswick : |bFisheries and Oceans Canada |c2007. |
| 300 | |ax, 60p. : |bgraphs, maps, references, tables ; |c28 cm. |
| 490 | 1 |aCanadian technical report of fisheries and aquatic sciences|x0706-6457|vNo. 2693 |
| 500 | |a"Department of Fisheries and Oceans, Gulf Region, Oceans and Science Branch, Diadromous Fish Section, P.O. Box 5030, Moncton, NB, E1C 9B6". |
| 520 | 3 |aThis report is part of a series containing scientific and technical information that widens existing scientific knowledge but is not considered appropriate for publication in the primary literature. The research covers such subjects as ecosystem models, methods for enhancing aquaculture, commercial fishing equipment, and environmental threats to aquatic quality and fisheries resources. Includes tables, graphs, and charts. |
| 546 | |a(Résumé en français.) |
| 563 | |aSoftcover |
| 590 | |a07-18|b2007-05-04 |
| 690 | 07|aAtlantic provinces|2gcpds |
| 690 | 07|aRivers|2gcpds |
| 690 | 07|aSalt water fish|2gcpds |
| 720 | 1 |aClément, M |
| 720 | 1 |aChaput, G |
| 720 | 1 |aLeblanc, P |
| 776 | 0#|tAtlantic salmon (Salmo salar) smolt migration from the Margaree River, 2001 to 2003 / |w(CaOODSP)9.574231 |
| 830 | #0|aCanadian technical report of fisheries and aquatic sciences,|x0706-6457|vNo. 2693|w(CaOODSP)9.514691 |